Economic and social survey of Asia and the pacific, 2012 : (Record no. 3163)
[ view plain ]
| 000 -LEADER | |
|---|---|
| fixed length control field | 01388cam a2200337 i 4500 |
| 001 - CONTROL NUMBER | |
| control field | 17559634 |
| 003 - CONTROL NUMBER IDENTIFIER | |
| control field | OSt |
| 005 - DATE AND TIME OF LATEST TRANSACTION | |
| control field | 20180117090000.0 |
| 008 - FIXED-LENGTH DATA ELEMENTS--GENERAL INFORMATION | |
| fixed length control field | 120925s2012 ii ab bs 000 0 eng |
| 010 ## - LIBRARY OF CONGRESS CONTROL NUMBER | |
| LC control number | 2012339753 |
| 020 ## - INTERNATIONAL STANDARD BOOK NUMBER | |
| International Standard Book Number | 9788171889693 |
| 020 ## - INTERNATIONAL STANDARD BOOK NUMBER | |
| International Standard Book Number | 8171889697 |
| 025 ## - OVERSEAS ACQUISITION NUMBER | |
| Overseas acquisition number | I-E-2012-339753; 79-01; 69-01 |
| 035 ## - SYSTEM CONTROL NUMBER | |
| System control number | (IN-NdUBS) 2012339753 |
| 037 ## - SOURCE OF ACQUISITION | |
| Source of stock number/acquisition | Library of Congress -- New Delhi Overseas Office |
| 040 ## - CATALOGING SOURCE | |
| Original cataloging agency | DLC |
| Language of cataloging | eng |
| Transcribing agency | DLC |
| Description conventions | rda |
| Modifying agency | DLC |
| 042 ## - AUTHENTICATION CODE | |
| Authentication code | lcode |
| -- | pcc |
| 043 ## - GEOGRAPHIC AREA CODE | |
| Geographic area code | p------ |
| 050 00 - LIBRARY OF CONGRESS CALL NUMBER | |
| Classification number | HG1480.7 |
| Item number | .E26 2012 |
| 245 00 - TITLE STATEMENT | |
| Title | Economic and social survey of Asia and the pacific, 2012 : |
| Remainder of title | pursuing shared prosperity : in an era of turbulence & high commodity prices. |
| 246 30 - VARYING FORM OF TITLE | |
| Title proper/short title | Pursuing shared prosperity : in an era of turbulence & high commodity prices |
| 300 ## - PHYSICAL DESCRIPTION | |
| Extent | xxx, 202 pages : |
| Other physical details | illustrations, maps ; |
| Dimensions | 27 cm |
| 650 #0 - SUBJECT ADDED ENTRY--TOPICAL TERM | |
| Topical term or geographic name entry element | Monetary policy |
| Geographic subdivision | Pacific Area. |
| 650 #0 - SUBJECT ADDED ENTRY--TOPICAL TERM | |
| Topical term or geographic name entry element | Fiscal policy |
| Geographic subdivision | Pacific Area. |
| 710 2# - ADDED ENTRY--CORPORATE NAME | |
| Corporate name or jurisdiction name as entry element | United Nations. |
| Subordinate unit | Economic and Social Commission for Asia and the Pacific. |
| 856 41 - ELECTRONIC LOCATION AND ACCESS | |
| Materials specified | Table of contents only |
| Uniform Resource Identifier | <a href="http://www.loc.gov/catdir/toc/fy14pdf04/2012339753.html">http://www.loc.gov/catdir/toc/fy14pdf04/2012339753.html</a> |
| 906 ## - LOCAL DATA ELEMENT F, LDF (RLIN) | |
| a | 7 |
| b | cbc |
| c | origode |
| d | 3 |
| e | ncip |
| f | 20 |
| g | y-gencatlg |
| 942 ## - ADDED ENTRY ELEMENTS (KOHA) | |
| Source of classification or shelving scheme | |
| Koha item type | Book |
| Withdrawn status | Lost status | Source of classification or shelving scheme | Damaged status | Not for loan | Collection code | Permanent Location | Current Location | Shelving location | Date acquired | Total Checkouts | Full call number | Barcode | Date last seen | Price effective from | Koha item type |
|---|---|---|---|---|---|---|---|---|---|---|---|---|---|---|---|
| Central Library (CL) | Central Library (CL) | General Stacks | 05/18/2016 | 330 ESC | S3H-N-582 | 05/18/2016 | 05/18/2016 | Book |
